000 00750cam a22002054a 4500
005 20250605164133.0
008 250528s ||||||||||||||||||||||||d
035 _a18659
020 _a195085280
040 _aGR-AtMCL
_bgre
_dGR-AtMCL
_eAACR2
245 1 _aTelevision / The Critical View Fifth Edition
250 _a5th
260 _bOxford University Press,
_c1994
300 _a640
520 _aThe preeminent collection of contemporary academic television criticism. Television and the Present Climate of Criticism, The Production Contexts of Television, Television Texts, The Reception Contexts of Television, Overviews, About the Authors.
700 1 _aNewcomb Horace
_94927
942 _cBK
999 _c4004
_d4004